| 000 | 01162cam a2200289 4500 | ||
|---|---|---|---|
| 001 | D16260 | ||
| 008 | 090401t1985 xxu||||| |||| 00| 0 eng d | ||
| 035 | _a(Sirsi) u28279 | ||
| 041 | _aeng | ||
| 050 |
_a690.2 _c18 |
||
| 090 | _aRICS 1985/7ABCD | ||
| 110 |
_aRoyal Institution of Chartered Surveyors _bBuilding Surveyors Division _94964 |
||
| 245 |
_aStructural surveys of residential property _ba guidance note |
||
| 250 | _a2nd ed. | ||
| 260 |
_aLondon _bSurveyors Publications _c1985 |
||
| 300 |
_a20p. _c21cm |
||
| 490 | _aRICS Guidance Note | ||
| 520 | _aThis edition was reprinted in 1990 (ISBN 0854062548). | ||
| 520 | _aSuperseded by third edition edition entitled "Building surveys of residential properties : a guidance note for surveyors" (ISBN 0854067760). Supersedes first edition "Structural surveys of residential property" (D15131). | ||
| 650 |
_aRESIDENTIAL PROPERTY _96266 |
||
| 650 | _aBUILT ENVIRONMENT-BUILDING SURVEYING-STRUCTURAL SURVEYING | ||
| 650 | _aBUILDING SURVEYS | ||
| 690 | _aBUILT ENVIRONMENT-BUILDING INSPECTION | ||
| 710 |
_aRoyal Institution of Chartered Surveyors _94900 |
||
| 942 | _n0 | ||
| 948 | _c04/03/1997 | ||
| 999 |
_c89229 _d89229 |
||